000 00330nam a2200133Ia 4500
005 20260328104338.0
008 260328s9999||||xx |||||||||||||| ||und||
100 _aVillegas, Benjamín
245 0 _aLuis Restrepo /
_cBenjamín Villegas
260 _bVillegas Editores
300 _a206 p.
650 _aARQUITECTOS
942 _cBK
999 _c11972
_d11972